000 01019nab a22002417a 4500
999 _c6400
_d6400
003 OSt
005 20260201180535.0
008 190506c xxu||||| |||| 00| 0 spa d
040 _cPJ
100 _97039
_aKornmann, Luis Mauricio
245 1 0 _aLa reparación integral en el accidente in itinere /
_cLuis Mauricio Kornmann.
260 _aBuenos Aires :
_bAbeledoPerrot,
_c2023.
300 _ap. 18-22
500 _aCita: TR LALEY AR/DOC/2351/2023
505 _aSumario: I. Introducción.— II. El caso.— III. Antecedentes.— IV. Síntesis y conclusiones.— V. Bibliografía.
505 _t¿Te interesa el texto completo? Comunicate al correo: koha@justierradelfuego.gov.ar
650 0 _91316
_aDERECHO LABORAL
650 0 _94425
_aACCIDENTE IN ITINERE
650 0 _94077
_aREPARACION INTEGRAL
650 0 _95144
_aASEGURADOR POR RIESGOS DEL TRABAJO
773 0 _02751
_93202
_dBuenos Aires : AbeledoPerrot, 2013-
_tRevista de derecho laboral y seguridad social. Nº 21 - Noviembre 2023
942 _2udc
_cANA